000 00318nam a2200133Ia 4500
005 20260328101509.0
008 260328s9999||||xx |||||||||||||| ||und||
100 _aLe Corbusier
245 0 _aPor las cuatro rutas /
_cLe Corbusier
260 _bGustavo Gili
300 _a207 p.
650 _aCorbusier, Le
942 _cBK
999 _c9144
_d9144